[Event "Saarland-ch Seniors"]
[Site "Eppelborn"]
[Date "2008.03.26"]
[Round "1"]
[White "Backes, Robert"]
[Black "Bauer, Werner"]
[Result "0-1"]
[WhiteElo "1568"]
[BlackElo "1770"]
[PlyCount "72"]
[EventDate "2008.03.15"]
[EventType "swiss"]
[EventRounds "9"]
[EventCountry "GER"]
[SourceTitle "EXT 2010"]
[Source "ChessBase"]
[SourceDate "2010.11.25"]
[SourceVersion "1"]
[SourceVersionDate "2010.11.25"]
[SourceQuality "1"]

1. d4 Nf6 2. Nf3 d5 3. c4 c6 4. e3 e6 5. Nc3 Nbd7 6. Bd3 Bd6 7. Qc2 0-0 8. 0-0 e5 9. dxe5 Nxe5 10. Nxe5 Bxe5 11. f4 Bd6 12. a3 Re8 13. b4 b6 14. cxd5 cxd5 15. e4 dxe4 16. Nxe4 h6 17. Nxf6+ Qxf6 18. Bb2 Qd8 19. Qc3 f6 20. Rac1 Bb7 21. Qc4+ Kh8 22. Qf7 Be4 23. Bxe4 Rxe4 24. g3 Re7 25. Qh5 Qe8 26. Qf5 Rd8 27. Rc2 a5 28. bxa5 Bc5+ 29. Kg2 Re2+ 30. Kh3 Rdd2 31. Rxd2 Rxd2 32. Bc3 Rxh2+ 33. Kxh2 Qe2+ 34. Kh3 Qxf1+ 35. Kh2 Bg1+ 36. Kh1 Bf2+ 0-1

[Event "Saarland-ch Seniors 26th"]
[Site "Germany"]
[Date "2007.03.31"]
[Round "2"]
[White "Sendelbach, Bruno"]
[Black "Backes, Robert"]
[Result "1-0"]
[WhiteElo "1696"]
[BlackElo "1526"]
[PlyCount "75"]
[EventDate "2007.03.30"]
[EventType "swiss"]
[EventRounds "9"]
[EventCountry "GER"]
[SourceTitle "EXT 2008"]
[Source "ChessBase"]
[SourceDate "2007.11.25"]
[SourceVersion "1"]
[SourceVersionDate "2007.11.25"]
[SourceQuality "1"]

1. d4 Nf6 2. c4 e6 3. Nc3 d5 4. Nf3 c5 5. dxc5 Bxc5 6. e3 0-0 7. Qc2 Nc6 8. a3 b6 9. b4 Be7 10. cxd5 exd5 11. Bb5 Bb7 12. 0-0 Rc8 13. Bb2 Qc7 14. Rac1 Ne5 15. Nxe5 Qxe5 16. Qe2 Qe6 17. h3 Rfd8 18. Rfd1 h6 19. Bd3 Bd6 20. Nb5 Bb8 21. Nd4 Qe5 22. f4 Qh5 23. Qxh5 Nxh5 24. Nf5 Rxc1 25. Rxc1 Nf6 26. Nxh6+ Kf8 27. Bxf6 gxf6 28. Nf5 Bc8 29. Nd4 Bd7 30. Kf2 Kg7 31. Bf5 Be8 32. g4 Kh6 33. h4 Kg7 34. h5 Kh6 35. Kf3 Kg7 36. Bc8 Bd7 37. Bxd7 Rxd7 38. Rc6 1-0

[Event "GER Cup Amateur Seniors 1st"]
[Site "Voelklingen"]
[Date "2000.10.12"]
[Round "7"]
[White "Backes, Robert"]
[Black "Leschhorn, Heinrich"]
[Result "1/2-1/2"]
[WhiteElo "1642"]
[BlackElo "1817"]
[PlyCount "70"]
[EventDate "2000.10.??"]
[EventType "swiss"]
[EventRounds "9"]
[EventCountry "GER"]
[SourceTitle "EXT 2004"]
[Source "ChessBase"]
[SourceDate "2003.11.25"]
[SourceVersion "1"]
[SourceVersionDate "2003.11.25"]
[SourceQuality "1"]

1. e4 Nf6 2. Bc4 e6 3. d3 Be7 4. Nf3 d5 5. exd5 exd5 6. Bb3 Bg4 7. 0-0 0-0 8. Bg5 Nc6 9. Nbd2 Nd4 10. h3 Bh5 11. g4 Nxf3+ 12. Nxf3 Bg6 13. Re1 h6 14. Bh4 c6 15. c3 Qc7 16. Kg2 Rae8 17. Qd2 Bh7 18. Bc2 g5 19. Nxg5 Nxg4 20. hxg4 hxg5 21. Bxg5 f6 22. Bh4 Qd7 23. f3 Kf7 24. d4 Bxc2 25. Qxc2 Rh8 26. Rh1 f5 27. Bxe7 Kxe7 28. Rae1+ Kd8 29. Rxe8+ Rxe8 30. gxf5 Rf8 31. Rh5 Qg7+ 32. Kf2 Rg8 33. Qe2 Qg2+ 34. Ke1 Qxe2+ 35. Kxe2 Rg2+ 1/2-1/2

[Event "GER Cup Amateur Seniors 1st"]
[Site "Voelklingen"]
[Date "2000.10.10"]
[Round "5"]
[White "Wolf, Margot"]
[Black "Backes, Robert"]
[Result "0-1"]
[WhiteElo "1166"]
[BlackElo "1642"]
[PlyCount "122"]
[EventDate "2000.10.??"]
[EventType "swiss"]
[EventRounds "9"]
[EventCountry "GER"]
[SourceTitle "EXT 2004"]
[Source "ChessBase"]
[SourceDate "2003.11.25"]
[SourceVersion "1"]
[SourceVersionDate "2003.11.25"]
[SourceQuality "1"]

1. d4 Nf6 2. Nf3 b6 3. Bf4 Bb7 4. e3 e6 5. h3 d5 6. Be2 c5 7. c3 Nc6 8. Nbd2 cxd4 9. exd4 h6 10. 0-0 Bd6 11. Bxd6 Qxd6 12. Bd3 0-0 13. Re1 Rfe8 14. Qc2 e5 15. dxe5 Nxe5 16. Nxe5 Rxe5 17. Nf3 Rxe1+ 18. Rxe1 Rc8 19. Nd4 Re8 20. Rxe8+ Nxe8 21. Qe2 Nf6 22. Qe1 a6 23. Qe2 b5 24. a3 Kf8 25. Kh1 Bc8 26. Qf3 Bd7 27. Bf5 Qe5 28. Bxd7 Nxd7 29. Nc6 Qe6 30. Nb4 Nf6 31. Kg1 Ne4 32. Qd3 Nf6 33. Kh1 Qd6 34. Nc2 Ne4 35. Qe3 Qf6 36. Kg1 Qc6 37. Nb4 Qb7 38. Qd4 Nf6 39. Qc5+ Kg8 40. Qc6 Qxc6 41. Nxc6 Kf8 42. f3 Ne8 43. Nb4 Nc7 44. Kf2 Ke7 45. Ke3 Kd6 46. Kd3 h5 47. g3 g5 48. g4 h4 49. b3 Ke5 50. Ke3 Kd6 51. Kd3 a5 52. Nc2 Ne6 53. Nd4 Nf4+ 54. Ke3 Nxh3 55. Nf5+ Ke5 56. Nd4 Nf4 57. Ne2 Nxe2 58. Kxe2 f5 59. Kf2 fxg4 60. fxg4 Kf4 61. Kg2 Kxg4 0-1

[Event "GER Cup Amateur Seniors 1st"]
[Site "Voelklingen"]
[Date "2000.10.09"]
[Round "4"]
[White "Simon, Eberhard"]
[Black "Backes, Robert"]
[Result "1-0"]
[WhiteElo "1847"]
[BlackElo "1642"]
[PlyCount "60"]
[EventDate "2000.10.??"]
[EventType "swiss"]
[EventRounds "9"]
[EventCountry "GER"]
[SourceTitle "EXT 2004"]
[Source "ChessBase"]
[SourceDate "2003.11.25"]
[SourceVersion "1"]
[SourceVersionDate "2003.11.25"]
[SourceQuality "1"]

1. e4 e5 2. Nf3 Nc6 3. Bb5 a6 4. Ba4 Nf6 5. 0-0 Be7 6. d4 b5 7. dxe5 bxa4 8. exf6 Bxf6 9. Re1 0-0 10. c3 g6 11. Qxa4 Bb7 12. Nbd2 Re8 13. Nf1 Be5 14. Bg5 Qc8 15. Rad1 h6 16. Bc1 d6 17. Qc2 Qg4 18. Ne3 Qh5 19. Nd5 Rac8 20. Nxe5 Nxe5 21. Bf4 g5 22. Be3 Ng6 23. f3 Qh4 24. Bf2 Qf4 25. b3 Bxd5 26. Rxd5 Qf6 27. Rd2 Qe5 28. Bd4 Qe7 29. Bf2 Ne5 30. Bg3 c6 1-0

[Event "GER Cup Amateur Seniors 1st"]
[Site "Voelklingen"]
[Date "2000.10.07"]
[Round "2"]
[White "Scheerer, Helmut"]
[Black "Backes, Robert"]
[Result "1/2-1/2"]
[WhiteElo "1851"]
[BlackElo "1642"]
[PlyCount "60"]
[EventDate "2000.10.??"]
[EventType "swiss"]
[EventRounds "9"]
[EventCountry "GER"]
[SourceTitle "EXT 2004"]
[Source "ChessBase"]
[SourceDate "2003.11.25"]
[SourceVersion "1"]
[SourceVersionDate "2003.11.25"]
[SourceQuality "1"]

1. e4 e5 2. Bc4 Nf6 3. Nc3 Bc5 4. d3 c6 5. Nf3 d6 6. 0-0 0-0 7. Be3 Bb6 8. h3 Be6 9. Bb3 Nbd7 10. Ne2 Qe7 11. Ng3 h6 12. c3 d5 13. Bxb6 axb6 14. a3 dxe4 15. dxe4 Bxb3 16. Qxb3 Nc5 17. Qc2 Rfd8 18. Rad1 Qe6 19. Qe2 g6 20. Nd2 b5 21. Qe3 Nd3 22. Nf3 Nf4 23. Kh2 Kg7 24. Ne2 g5 25. Ng3 g4 26. Nf5+ Kh7 27. Ng1 Rxd1 28. Rxd1 Ra4 29. f3 Qb3 30. Rd2 N6h5 1/2-1/2

[Event "Saarlouis op 3rd"]
[Site "Saarlouis"]
[Date "2000.05.28"]
[Round "2"]
[White "Langenfeld, Stefan"]
[Black "Backes, Robert"]
[Result "1/2-1/2"]
[WhiteElo "1917"]
[BlackElo "1591"]
[PlyCount "94"]
[EventDate "2000.05.27"]
[EventType "swiss"]
[EventRounds "9"]
[EventCountry "GER"]
[SourceTitle "EXT 2006"]
[Source "ChessBase"]
[SourceDate "2005.11.24"]
[SourceVersion "1"]
[SourceVersionDate "2005.11.24"]
[SourceQuality "1"]

1. e4 e5 2. Nf3 Nc6 3. Bc4 Bc5 4. b4 Bxb4 5. c3 Be7 6. d4 Bf6 7. 0-0 d6 8. h3 Nge7 9. Na3 a6 10. Nc2 0-0 11. Qe2 Ng6 12. Rd1 b5 13. Bd5 Bb7 14. a4 bxa4 15. Rxa4 Qd7 16. Qc4 Ra7 17. Be3 h6 18. Qa2 exd4 19. Ncxd4 Nxd4 20. Nxd4 Bxd5 21. exd5 Bxd4 22. Bxd4 Raa8 23. Rxa6 Rxa6 24. Qxa6 f6 25. Qd3 Ne7 26. c4 Qf5 27. Qxf5 Nxf5 28. g4 Ne7 29. Be3 f5 30. Rb1 fxg4 31. hxg4 c6 32. Rb7 Rf7 33. dxc6 Nxc6 34. Rb6 Ne5 35. Rxd6 Nxc4 36. Rd8+ Kh7 37. Bd4 Nd2 38. Kg2 Nf3 39. Kg3 Nxd4 40. Rxd4 g5 41. Rd6 Kg7 42. f3 Kh7 43. Re6 Kg7 44. Re4 Kg6 45. Kf2 Rf6 46. Ke3 h5 47. gxh5+ Kxh5 1/2-1/2